Pregón de la Romería de la Stma. Virgen de la Cabeza pronunciado... en...Andujar el día XXI de abril, año MCMLXVIII / (Record no. 118335)

MARC details
000 -LEADER
campo de control de longitud fija 00546nam a2200157 4500
001 - NÚMERO DE CONTROL
campo de control 118335
003 - IDENTIFICADOR DE NÚMERO DE CONTROL
campo de control ES-MaACL
005 - FECHA Y HORA DE LA ÚLTIMA TRANSACCIÓN
campo de control 20230906191057.0
007 - CAMPO FIJO DE DESCRIPCIÓN FÍSICA--INFORMACIÓN GENERAL
campo de control de longitud fija t|
008 - DATOS DE LONGITUD FIJA--INFORMACIÓN GENERAL
campo de control de longitud fija 070214s1968 sp r ||||1| spa d
100 1# - ENTRADA PRINCIPAL--NOMBRE DE PERSONA
Nombre de persona Pardo Gayoso, Juan Manuel.
9 (RLIN) 89003
245 10 - MENCIÓN DEL TÍTULO
Título Pregón de la Romería de la Stma. Virgen de la Cabeza pronunciado... en...Andujar el día XXI de abril, año MCMLXVIII /
Mención de responsabilidad, etc. Juan Manuel Pardo Gayoso.
260 ## - PUBLICACIÓN, DISTRIBUCIÓN, ETC.
Lugar de publicación, distribución, etc. Jaen :
Nombre del editor, distribuidor, etc. [s. n.],
Fecha de publicación, distribución, etc. 1968 (
Fabricante Gráf. Nova)
300 ## - DESCRIPCIÓN FÍSICA
Extensión 44 p. ;
Dimensiones 24 cm.
852 ## - LOCALIZACIÓN
Ubicación ES-MaACL
Número de control de estantería 2065-F-10
Sublocalización o colección R.66385
Holdings
Estatus retirado Estado de pérdida Estado de daño No para préstamo Colección Biblioteca de origen Biblioteca actual Ubicación en estantería Fecha de adquisición Fuente de adquisición Total de préstamos Signatura topográfica completa Código de barras Visto por última vez Precio de reemplazo Tipo de ítem Koha
        Colección de folletos Biblioteca del Ateneo de Madrid Biblioteca del Ateneo de Madrid Depósito folletos 17/01/2008     2065-F-10 1123365 23/02/2023 23/02/2023 Folleto